The Tectonic Plate Quiz - Statistics

General Stats
  • This quiz has been taken 15 times
  • The average score is 7 of 23
Answer Stats
Type Answer Country Within % Correct
Major Indian Plate Bangladesh
100%
Minor Caribbean Plate Jamaica
55%
Major African Plate Gabon
45%
Major Eurasian Plate Georgia
45%
Major South American Plate Guyana
45%
Major Antarctic Plate None
36%
Minor Juan de Fuca Plate Canada (near to Vancouver)
36%
Minor Nazca Plate Ecuador (Galapagos Islands)
36%
Major North American Plate Guatemala
36%
Major Pacific Plate Tonga
36%
Minor Arabian Plate Oman
27%
Minor Amurian Plate South Korea
18%
Major Australian Plate Papua New Guinea
18%
Minor Burma Plate Myanmar
18%
Minor Cocos Plate Costa Rica (Cocos Islands)
18%
Minor Scotia Plate Chile (Tierra del Fuego)
18%
Minor Somali Plate Tanzania
18%
Minor Sunda Plate Indonesia (Java)
18%
Minor Yangtze Plate China (south of Shanghai)
18%
Minor Caroline Plate None (north of New Guinea)
9%
Minor New Hebrides Plate None (close to Vanautu)
9%
Minor Philippine Plate Palau
9%
Minor Okhotsk Plate Japan (Hokkaido)
0%
No matching quizzes found
Score Distribution
Percent of People with Each Score
Percentile by Number Answered
Your Score History
You have not taken this quiz